000 01585cas a2200373I 4500
008 931106c18569999fr mr p 0 b1fre
010 _a 52032650
_zsv 85022188
022 _a0014-1941
040 _aDLC
_cQPR
_dIUL
_dOCL
092 0 4 _a279.15
_bE856
_221
099 _a04
_a279.15 E856
245 0 0 _aEtudes.
246 1 3 _aEtvdes
247 1 0 _aEtudes de theologie, de philosophie et d'histoire
_f1856-1861
247 1 0 _aEtudes religieuses, historiques et litteraires
_f1862-1871
247 1 0 _aEtudes religieuses, philosophiques, historiques et litteraires
_f1872-Dec. 1896
260 _aParis
_b[s.n.]
300 _av.
_c24-26 cm.
310 _aMonthly,
_b19 -
321 _aMonthly,
_b18 -96
321 _aSemimonthly,
_b1897-1940
362 0 _at. 1-3, 1856-58; nouv. sâer., t. 1-3, mars 1859-dâec. 1861; nouv. sâer., t. 1-13, janv. 1862-dâec. 1867; 4. sâer., t. 1-6 (13.-15. annâee) janv. 1868-dâec. 1871; 5. sâer., t. 1-12 (16.-21. annâee) janv. 1872-dâec. 1877; 6. sâer., t. 1-5 (22.-24. annâee) janv. 1878-juin 1880; 25. annâee (t. 43- ) janv. 1888-
515 _aPublication suspended June 20, 1940-Dec. 1944 Cf. Union list of serials.
515 _aVols. 43-50 called also: 7. sâer., t. 1-8.
550 _a"Revue mensuelle fondâee en 1856 par des Pلeres de la Compagnie de Jâesus."
555 _aVols. 146-149, in v. 149.
610 2 0 _aJesuits
_vPeriodicals.
905 _aJamal
_eCat.
905 _eRev.
942 _2ddc
_cCR
_n0
999 _c129369
_d129369
336 _atext
_2rda content
337 _aUnmediated
_2rdamedia
338 _avolume
_2rdacarrier